| 000 | 00838nam a22002537a 4500 | ||
|---|---|---|---|
| 003 | PE SENCICO BE | ||
| 005 | 20251020182624.0 | ||
| 008 | 230105b |||||||| |||| 00| 0 eng d | ||
| 020 | _a978-0-06-256909-7 | ||
| 040 |
_aPE SENCICO BE _cPE SENCICO BE |
||
| 041 | _aeng | ||
| 082 |
_a728.3 _bZ34B |
||
| 100 | 1 |
_9396 _aZamora Mola, Francesc |
|
| 245 | 1 |
_a150 best new eco home ideas / _cFrancesc Zamora Mola |
|
| 260 |
_aNew York: _bHarper design, _c2017 |
||
| 300 |
_a479 p.: _blams. col.; _c19 cm. |
||
| 650 | 1 | 4 |
_977 _aViviendas _xDiseño y construcción |
| 650 | 2 | 4 |
_9280 _aArquitectura sostenible |
| 650 | 2 | 4 |
_9190 _aCasas de campo |
| 650 | 2 | 4 |
_9327 _aConstrucciones de madera |
| 700 | 1 |
_9384 _aMartinez Alonso, Claudia _ecoordinadora editorial |
|
| 910 |
_bhfp _chfp |
||
| 942 |
_2ddc _cLIB _h728.3 _iZ34B |
||
| 999 |
_c3748 _d3748 |
||